MyGZULibrary

Development and social diversity / (Record no. 2411)

MARC details
000 -LEADER
fixed length control field 01527cam a2200397 a 4500
001 - CONTROL NUMBER
control field 4007576
003 - CONTROL NUMBER IDENTIFIER
control field GZU
005 - DATE AND TIME OF LATEST TRANSACTION
control field 20201029114621.0
008 - FIXED-LENGTH DATA ELEMENTS--GENERAL INFORMATION
fixed length control field 960723s1996 enk b 000 0 eng d
010 ## - LIBRARY OF CONGRESS CONTROL NUMBER
LC control number 96172000
015 ## - NATIONAL BIBLIOGRAPHY NUMBER
National bibliography number GB97-17990
020 ## - INTERNATIONAL STANDARD BOOK NUMBER
International Standard Book Number 0855983434
035 ## - SYSTEM CONTROL NUMBER
System control number (OCoLC)36529526
040 ## - CATALOGING SOURCE
Original cataloging agency Uk
Transcribing agency Uk
Modifying agency DLC
042 ## - AUTHENTICATION CODE
Authentication code lccopycat
043 ## - GEOGRAPHIC AREA CODE
Geographic area code d------
050 00 - LIBRARY OF CONGRESS CALL NUMBER
Classification number HN981
Item number AND 1996
082 00 - DEWEY DECIMAL CLASSIFICATION NUMBER
Classification number 307.1/4
Edition number 21
245 00 - TITLE STATEMENT
Title Development and social diversity /
Statement of responsibility, etc. introduced by Mary B. Anderson.
260 ## - PUBLICATION, DISTRIBUTION, ETC.
Place of publication, distribution, etc. Oxford :
Name of publisher, distributor, etc. Oxfam (UK and Ireland),
Date of publication, distribution, etc. 1996.
300 ## - PHYSICAL DESCRIPTION
Extent 109 p. ;
Dimensions 25 cm.
440 #2 - SERIES STATEMENT/ADDED ENTRY--TITLE
Title A Development in practice reader
504 ## - BIBLIOGRAPHY, ETC. NOTE
Bibliography, etc. note Includes bibliographical references (p. 100-109).
650 #0 - SUBJECT ADDED ENTRY--TOPICAL TERM
Topical term or geographic name entry element Community development
Geographic subdivision Developing countries.
650 #0 - SUBJECT ADDED ENTRY--TOPICAL TERM
Topical term or geographic name entry element Economic development
General subdivision Social aspects.
650 #0 - SUBJECT ADDED ENTRY--TOPICAL TERM
Topical term or geographic name entry element Culture conflict
Geographic subdivision Developing countries.
650 #0 - SUBJECT ADDED ENTRY--TOPICAL TERM
Topical term or geographic name entry element Women in development
Geographic subdivision Developing countries.
700 1# - ADDED ENTRY--PERSONAL NAME
Personal name Anderson, Mary B.,
Dates associated with a name 1939-
856 42 - ELECTRONIC LOCATION AND ACCESS
Materials specified Publisher description
Uniform Resource Identifier <a href="http://www.loc.gov/catdir/enhancements/fy1117/96172000-d.html">http://www.loc.gov/catdir/enhancements/fy1117/96172000-d.html</a>
856 41 - ELECTRONIC LOCATION AND ACCESS
Materials specified Table of contents only
Uniform Resource Identifier <a href="http://www.loc.gov/catdir/enhancements/fy1117/96172000-t.html">http://www.loc.gov/catdir/enhancements/fy1117/96172000-t.html</a>
856 42 - ELECTRONIC LOCATION AND ACCESS
Materials specified Contributor biographical information
Uniform Resource Identifier <a href="http://www.loc.gov/catdir/enhancements/fy1210/96172000-b.html">http://www.loc.gov/catdir/enhancements/fy1210/96172000-b.html</a>
906 ## - LOCAL DATA ELEMENT F, LDF (RLIN)
a 7
b cbc
c copycat
d 2
e ncip
f 19
g y-gencatlg
942 ## - ADDED ENTRY ELEMENTS (KOHA)
Source of classification or shelving scheme Library of Congress Classification
Koha item type Books
Classification part 981
Item part AND
Call number prefix HN
Holdings
Withdrawn status Lost status Damaged status Not for loan Collection code Home library Current library Shelving location Date acquired Inventory number Total Checkouts Full call number Barcode Date last seen Copy number Price effective from Koha item type
        Non-fiction City Campus Library City Campus Library General Stacks 10/29/2020 5916   HN 981 AND 1996 B017625 10/29/2020 c.1 10/29/2020 Books